000 00326nam a2200133Ia 4500
008 220204s9999 xx 000 0 und d
082 _a159.9
_bADL
100 _aAdler, Alfred
245 0 _aUnderstanding human nature
260 _aNew York
_bFawcett
_c1927
650 _aHuman behaviour
650 _aPsychology
942 _cBK
999 _c20676
_d20676